Statistics for Arsenal: The Premier League Years

Click here to take the quiz!

General Stats

  • This quiz has been taken 1,897 times
    (746 since last reset)
  • The average score is 29 of 51

Answer Stats

Answer% Correct
Arsène Wenger
99%
Thierry Henry
96%
Mikel Arteta
95%
Bukayo Saka
90%
Martin Ødegaard
87%
Unai Emery
87%
Dennis Bergkamp
82%
Pierre-Emerick Aubameyang
82%
Gabriel Martinelli
81%
Patrick Vieira
80%
Robin van Persie
79%
Granit Xhaka
77%
Tony Adams
76%
Alexandre Lacazette
75%
Aaron Ramsdale
74%
Ian Wright
72%
Mesut Özil
71%
Gabriel Magalhães
70%
Alexis Sánchez
69%
Francesc Fàbregas
68%
Robert Pirès
67%
David Seaman
61%
Olivier Giroud
61%
Per Mertesacker
57%
Theo Walcott
57%
Ashley Cole
55%
Laurent Koscielny
55%
Aaron Ramsey
53%
Jens Lehmann
53%
George Graham
50%
Jack Wilshere
50%
Kolo Touré
46%
Bernd Leno
45%
Lee Dixon
45%
Emmanuel Adebayor
44%
Nicolas Anelka
44%
Santi Cazorla
44%
Martin Keown
43%
Gilberto Silva
39%
Ray Parlour
37%
Nigel Winterburn
36%
William Gallas
36%
Bacary Sagna
33%
Bruce Rioch
32%
Gaël Clichy
32%
Thomas Vermaelen
28%
Wojciech Szczęsny
26%
Paul Merson
24%
Mathieu Flamini
20%
Alex Iwobi
14%
Denilson
8%

Score Distribution

Percentile by Number Answered

Percent of People with Each Score

Your Score History

You have not taken this quiz since the last reset